Statistics for NBA 2016-17 Leaders Per Team

Click here to take the quiz!

General Stats

  • This quiz has been taken 46 times
  • The average score is 70 of 100

Answer Stats

TeamAnswer% Correct
NetsBrook Lopez
100%
KingsDeMarcus Cousins
100%
BullsJimmy Butler
100%
CavaliersKevin Love
100%
CavaliersLeBron James
100%
GrizzliesMarc Gasol
100%
SpursPau Gasol
100%
BullsRobin Lopez
100%
PelicansAnthony Davis
97%
ClippersBlake Griffin
97%
KnicksCarmelo Anthony
97%
ClippersChris Paul
97%
ClippersDeAndre Jordan
97%
RaptorsDeMar DeRozan
97%
HawksDwight Howard
97%
BucksGiannis Antetokounmpo
97%
HeatGoran Dragic
97%
CelticsIsaiah Thomas
97%
RocketsJames Harden
97%
RaptorsKyle Lowry
97%
GrizzliesMike Conley
97%
JazzRudy Gobert
97%
MavericksSeth Curry
97%
WarriorsStephen Curry
97%
CavaliersTristan Thompson
97%
CelticsAl Horford
94%
JazzGordon Hayward
94%
HeatHassan Whiteside
94%
76ersJoel Embiid
94%
HornetsKemba Walker
94%
PacersPaul George
94%
ThunderRussell Westbrook
94%
PistonsAndre Drummond
90%
MavericksDirk Nowitzki
90%
WarriorsDraymond Green
90%
WizardsJohn Wall
90%
WarriorsKevin Durant
90%
HawksPaul Millsap
90%
SpursTony Parker
90%
LakersD'Angelo Russell
87%
PacersJeff Teague
84%
SpursKawhi Leonard
84%
SpursLaMarcus Aldridge
84%
Trail BlazersDamian Lillard
81%
TimberwolvesKarl-Anthony Towns
81%
MagicNikola Vucevic
81%
PistonsReggie Jackson
81%
SunsDevin Booker
77%
KnicksKristaps Porzingis
77%
BullsRajon Rondo
77%
MagicSerge Ibaka
77%
NetsTrevor Booker
77%
GrizzliesZach Randolph
77%
HawksDennis Schroder
74%
SunsEric Bledsoe
74%
KnicksJoakim Noah
74%
NuggetsNikola Jokic
74%
MagicEvan Fournier
71%
RaptorsJonas Valanciunas
71%
PelicansJrue Holiday
71%
HornetsNicolas Batum
71%
MavericksDeron Williams
68%
JazzGeorge Hill
68%
LakersLou Williams
68%
WizardsMarcin Gortat
68%
PacersMyles Turner
68%
MavericksHarrison Barnes
65%
TimberwolvesRicky Rubio
65%
SunsTyson Chandler
65%
LakersJulius Randle
61%
RocketsClint Capela
58%
NuggetsDanilo Gallinari
58%
NuggetsGary Harris
58%
PistonsTobias Harris
58%
MagicElfrid Payton
55%
CelticsMarcus Smart
55%
KingsRudy Gay
55%
GrizzliesTony Allen
55%
76ersRobert Covington
48%
RocketsTrevor Ariza
48%
NetsJeremy Lin
45%
BullsTaj Gibson
42%
76ersT.J. McConnell
42%
KnicksCourtney Lee
39%
NuggetsJusuf Nurkic
39%
KingsTy Lawson
32%
HornetsRoy Hibbert
29%
ThunderAndre Roberson
23%
JazzJoe Ingles
19%
Trail BlazersMason Plumlee
19%
HornetsMichael Kidd-Gilchrist
19%
LakersIvica Zubac
16%
NuggetsJameer Nelson
16%
SunsAlex Len
13%
KnicksBrandon Jennings
13%
SunsPJ Tucker
13%
HawksThabo Sefolosha
13%
Trail BlazersMaurice Harkless
6%
MavericksSalah Mejri
6%
RaptorsLucas Nogueira
3%

Score Distribution

Percentile by Number Answered

Percent of People with Each Score

Your Score History

You have not taken this quiz